000 01052nam a22003495b 4500
001 o000046
003 DO-SdBNP
005 20171122113239.0
007 o000046
008 960109s1995 sp | ||| ||spa
016 7 _a
_2BPMSU
017 _a
_b
020 _a8420481823
035 _a
040 _aBPMSU
_bspa
_cBPMSU
_e
080 0 _a
082 4 _aU868.44
_bB462e
100 1 _aBenedetti, Mario
_d1920-2009
245 1 3 _aEl ejercicio del criterio :
_bobra crítica 1950-1994 /
_h
_cMario Benedetti
260 _aMadrid :
_bAlfaguara,
_c1995
300 _a574 p. ;
_c24 cm
490 _aTextos de escritor
500 _aIncluye datos biográficos del autor en la solapa de la cubierta
500 _aIncluye notas al pie de las páginas
504 _a
600 _aBenedetti, Mario
_d1920-2009
_vColecciones de escritos .
650 7 _aLiteratura uruguaya.
_2
830 _aTextos de escritor
942 _2ddc
_cBK
945 _aInventario extranjero / 02017 VM
956 _a VMATEO
_b10
_c20160708
_dBPMSU
_f0069
999 _c10780
_d10780